Normal view
MARC view
- اعداد بروق، عماد عواد سليمان؛ اشراف مامون محمد احمد مبارك
Entry Personal Name
001 - CONTROL NUMBER
- control field: 57609
003 - CONTROL NUMBER IDENTIFIER
- control field: JO-AjAnu
005 - DATE AND TIME OF LATEST TRANSACTION
- control field: 20230606083431.0
008 - FIXED-LENGTH DATA ELEMENTS
- fixed length control field: 230606|| aca||aabn | a|a d
040 ## - CATALOGING SOURCE
- Original cataloging agency: JO-AjAnu
- Transcribing agency: JO-AjAnu
100 ## - HEADING--PERSONAL NAME
- Personal name: اعداد بروق، عماد عواد سليمان؛ اشراف مامون محمد احمد مبارك
670 ## - SOURCE DATA FOUND
- Source citation: Work cat.: (JO-AjAnu)29395: اعداد بروق، عماد عواد سليمان؛ اشراف مامون محمد احمد مبارك, author, صعوبات استخدام الاهداف الوجدانية في تدريس الرياضيات لطلبة المرحلة الاساسية العليا من وجهة نظر المعلمين